Forderung privater direktinvestitionen : Untersuchung der Massnahmen bedeutender Industrieländer
Đã lưu trong:
| 主要作者: | |
|---|---|
| 格式: | 圖書 |
| 語言: | Undetermined |
| 出版: |
Hamburg
Verlag Weltarchiv GMBH
1972
|
| 主題: | |
| 標簽: |
添加標簽
沒有標簽, 成為第一個標記此記錄!
|
| Thư viện lưu trữ: | Trung tâm Học liệu Trường Đại học Cần Thơ |
|---|
| LEADER | 00584nam a2200193Ia 4500 | ||
|---|---|---|---|
| 001 | CTU_82374 | ||
| 008 | 210402s9999 xx 000 0 und d | ||
| 082 | |a 332.6 | ||
| 082 | |b S311 | ||
| 100 | |a Scharrer, Has- Eckart | ||
| 245 | 0 | |a Forderung privater direktinvestitionen : | |
| 245 | 0 | |b Untersuchung der Massnahmen bedeutender Industrieländer | |
| 245 | 0 | |c Has- Eckart Scharrer | |
| 260 | |a Hamburg | ||
| 260 | |b Verlag Weltarchiv GMBH | ||
| 260 | |c 1972 | ||
| 650 | |a Investments, foreign | ||
| 904 | |i Trọng Hải | ||
| 980 | |a Trung tâm Học liệu Trường Đại học Cần Thơ | ||